Estadísticas para Presidentes de EE.UU. más Adivinados en Jetpunk

Haz click aquí para intentar la prueba.

Estadísticas generales

  • Esta prueba ha sido intentada 40 veces
  • La puntuación promedio es 9 de 10

Estadísticas de respuestas

%Presidente% Correcto
98%Donald Trump
100%
97%Barack Obama
97%
92%George Washington
92%
84%John F. Kennedy
92%
96%Joe Biden
89%
83%George H.W. Bush
86%
84%George W. Bush
86%
81%Abraham Lincoln
76%
76%Bill Clinton
73%
70%Franklin D. Roosevelt
62%

Distribución de puntuación

Porcentaje por número respondido

Porcentaje de gente con cada puntuación

Historial de tus puntuaciones

No has intentado esta prueba.